000 00717nam a2200265Ia 4500
005 20260121171853.0
008 008 260114s9999 xx 000 0 eng d
020 _a9783030447113
037 _aEBOOK
040 _aCRL
040 _beng
040 _cCRL
041 _2eng
041 _aeng
084 _qCRL
100 _aGabriela Prostean, Juan José Lavios Villahoz, Laura Brancu, Gyula Bakacsi
_91081473
245 0 _aInnovation in Sustainable Management and Entrepreneurship
260 _bSpringer
260 _bSpringer
260 _c2020
856 _uhttps://link.springer.com/openurl?genre=book&isbn=978-3-030-44711-3
942 _cEBOOK
999 _c1647206
_d1647206